| 000 | 00451nam a22001817a 4500 | ||
|---|---|---|---|
| 003 | CO-ViMGA | ||
| 005 | 20230915225018.0 | ||
| 008 | 150707b xxu||||| |||| 00| 0 eng d | ||
| 040 |
_aCO-ViMGA _bspa _cCO-ViMGA |
||
| 090 |
_aC _bR22q |
||
| 100 | 1 | _4Redlinch, Ben | |
| 245 | 1 | 0 | _a¿Quién ha sido? |
| 250 | _aLeer es mi cuento | ||
| 260 |
_aBOGOTA _bJuventud _c2013 |
||
| 300 | _a{27} p. | ||
| 650 | 1 | 4 |
_aLibro álbum infantil _91742 |
| 942 |
_2ddc _cBK |
||
| 999 |
_c11938 _d11938 |
||